Divided Historical Country Names - Statistics

General Stats
  • This quiz has been taken 70 times
  • The average score is 8 of 20
Answer Stats
Country Name % Correct
BYZ ANT INE {Byzantine} Empire
87%
EAST GERM ANY East Germany
76%
SO VI ET {Soviet} Union
72%
YUG OSLA VIA Yugoslavia
67%
RHO DE SIA Rhodesia
63%
OT TOM AN {Ottoman} Empire
54%
ZAN ZI BAR Sultanate of {Zanzibar}
54%
VE NI CE Republic of {Venice}
48%
UM AY YAD {Umayyad} Caliphate
48%
PR USS IA Prussia
43%
LOTH ARIN GIA Lotharingia
28%
NOR THUM BRIA Northumbria
24%
TRA NSVA AL Transvaal
20%
MAN CHU KUO Manchukuo
17%
WAL LAC HIA Wallachia
17%
GW YN EDD Gwynedd
13%
JO SE ON Joseon
13%
TWOS ICIL IES Two Sicilies
11%
COU TOMI STO Couto Misto
4%
LI VO NIA Livonia
2%
No matching quizzes found
Score Distribution
Percent of People with Each Score
Percentile by Number Answered
Your Score History
You have not taken this quiz